00760nam a22002297a 4500001001000000003000500010005001700015008004100032010001100073011001100084020001800095035001100113040000900124082001500133245012600148260007800274300003900352650004000391650002900431650002700460700004300487000106971CHAP20220817044529.0120625s2011 mx r 00010 spa d a103433 a104405 a9786071202314 a115095 cCHAP04a330.1bI6210aInvestigación en economía, matemáticas, física y sus aplicaciones /c/cordinado por Daniel Sepúlveda Jiménez. aChapingo, Méx. :bUACH. Departamento de Preparatoria Agrícola,c2011. a546 p. :bilus., cuadros, gráfs.14aAgriculturaxAspectos económicos.14aEconomía matemática.14aModelos matemáticos.1 aSepúlveda Jiménez, Daniee, coord.